000 00354nam a2200133Ia 4500
008 151001s9999||||xx |||||||||||||| ||und||
100 _aनंदन अवध
245 _aबालकृष्ण
250 _a3
260 _bदक्षिण भारत हिंदी प्रचारक
260 _c1937
300 _a76
365 _b7
999 _c949486
_d949483